[Event "15. Obert Int. Sant Martí 2013 - B"]
[Site "Barcelona ESP"]
[Date "2013.07.14"]
[Round "2.18"]
[White "Sirletti, Sonia"]
[Black "Martinez Hernandez, Emili"]
[Result "1/2-1/2"]
[WhiteElo "1888"]
[BlackElo "1756"]
[PlyCount "141"]
[EventDate "2013.07.13"]
[EventType "swiss"]
[EventRounds "9"]
[EventCountry "ESP"]
[SourceTitle "Ajedrez en Madrid"]
[Source "lmi"]
[SourceDate "2013.07.13"]
[SourceVersion "1"]
[SourceVersionDate "2019.06.21"]
[SourceQuality "1"]

1. d4 Nf6 2. Nf3 b5 3. e3 a6 4. Bd3 Bb7 5. Nbd2 e6 6. O-O c5 7. b3 cxd4 8. exd4
d5 9. Bb2 Bd6 10. Ne5 Ne4 11. Bxe4 dxe4 12. Re1 Qc7 13. Nxe4 Bxe4 14. Rxe4 Nd7
15. h3 Nf6 16. Re2 Nd5 17. c4 bxc4 18. bxc4 Nf4 19. Qa4+ Kf8 20. Re3 Bxe5 21.
dxe5 Qb7 22. Ba3+ Kg8 23. f3 h6 24. Rd1 Kh7 25. Re4 Ng6 26. Qd7 Qb6+ 27. Qd4
Qa5 28. Qe3 Rhc8 29. c5 Ne7 30. Rd7 Nd5 31. Qd3 Kg8 32. Rb7 Rd8 33. Qb3 Qd2 34.
Bb4 Nxb4 35. Rexb4 Qc1+ 36. Kh2 Qxc5 37. f4 Qf2 38. a4 Rd4 39. Rxd4 Qxd4 40.
Qb4 Rd8 41. a5 Qxb4 42. Rxb4 Rd5 43. Ra4 Kf8 44. Kg3 Ke7 45. Kf3 Kd7 46. Ke4
Kc6 47. Rc4+ Rc5 48. Kd4 Rxc4+ 49. Kxc4 f6 50. exf6 gxf6 51. g4 Kd6 52. h4 e5
53. fxe5+ fxe5 54. g5 hxg5 55. hxg5 Ke6 56. g6 Kf6 57. Kd5 e4 58. Kxe4 Kxg6 59.
Kd5 Kf7 60. Kc6 Ke7 61. Kb7 Kd7 62. Kxa6 Kc6 63. Ka7 Kc7 64. Ka8 Kc8 65. a6 Kc7
66. Ka7 Kc8 67. Kb6 Kb8 68. Kc6 Ka7 69. Kb5 Ka8 70. Kb6 Kb8 71. a7+ 1/2-1/2

[Event "15. Obert Int. Sant Martí 2013 - B"]
[Site "Barcelona ESP"]
[Date "2013.07.14"]
[Round "2.19"]
[White "Liarte Genoves, Sergi"]
[Black "Ferres Saez, Joan"]
[Result "0-1"]
[WhiteElo "1880"]
[BlackElo "1752"]
[PlyCount "82"]
[EventDate "2013.07.13"]
[EventType "swiss"]
[EventRounds "9"]
[EventCountry "ESP"]
[SourceTitle "Ajedrez en Madrid"]
[Source "lmi"]
[SourceDate "2013.07.13"]
[SourceVersion "1"]
[SourceVersionDate "2019.06.21"]
[SourceQuality "1"]

1. Nc3 g6 2. d4 d5 3. e4 dxe4 4. Nxe4 Bg7 5. Be3 Nf6 6. Nxf6+ Bxf6 7. Qd2 c5 8.
Bb5+ Bd7 9. Bxd7+ Qxd7 10. dxc5 Qb5 11. Rd1 O-O 12. Bh6 Re8 13. Ne2 Qxb2 14.
O-O Qxa2 15. Nc3 Qc4 16. Nd5 Qxc5 17. Nxf6+ exf6 18. Qd8 Qe5 19. Qd3 Nc6 20.
Qb3 b6 21. Rd3 Nd4 22. Qc4 Nf5 23. Bd2 Rac8 24. Qa2 a5 25. h3 Qe6 26. Qb2 Red8
27. Re1 Qc6 28. Rxd8+ Rxd8 29. Bc3 Kg7 30. f3 Rc8 31. g4 Nh4 32. Re3 Nxf3+ 33.
Kf2 Nh4 34. Rg3 Qc5+ 35. Kf1 Qc4+ 36. Kg1 Qf4 37. Rd3 Nf3+ 38. Kg2 Nh4+ 39. Kg1
Re8 40. Qxb6 Re2 41. Qc6 Qf2+ 0-1

[Event "15. Obert Int. Sant Martí 2013 - B"]
[Site "Barcelona ESP"]
[Date "2013.07.14"]
[Round "2.20"]
[White "Albert Estebanez, Carles"]
[Black "Julia Yebra, David"]
[Result "1-0"]
[WhiteElo "1734"]
[BlackElo "1873"]
[PlyCount "83"]
[EventDate "2013.07.13"]
[EventType "swiss"]
[EventRounds "9"]
[EventCountry "ESP"]
[SourceTitle "Ajedrez en Madrid"]
[Source "lmi"]
[SourceDate "2013.07.13"]
[SourceVersion "1"]
[SourceVersionDate "2019.06.21"]
[SourceQuality "1"]

1. e4 d6 2. d3 Nf6 3. Nd2 g6 4. Ngf3 Bg7 5. g3 c6 6. Bg2 O-O 7. O-O Qc7 8. Re1
e5 9. c3 h6 10. d4 Nbd7 11. Nf1 Nb6 12. h4 Bg4 13. N1h2 exd4 14. Nxg4 Nxg4 15.
cxd4 Rfe8 16. Bf4 Nf6 17. e5 dxe5 18. Nxe5 Qe7 19. Qd2 Qf8 20. Re2 Rad8 21.
Rae1 c5 22. Bxb7 Rxd4 23. Qc1 Kh7 24. Qc2 Nc8 25. h5 Rxe5 26. hxg6+ fxg6 27.
Bxe5 Rd8 28. Bxf6 Bxf6 29. Bxc8 Rxc8 30. Qa4 Qf7 31. Qa6 Rf8 32. Qd6 Bg7 33.
Qxc5 Qxa2 34. Re7 Qxb2 35. Rxa7 Kh8 36. Ree7 Rg8 37. Qc6 Qb1+ 38. Kg2 Qd3 39.
Rad7 Qf5 40. Rf7 Qh5 41. Rxg7 Rxg7 42. Qf6 1-0

[Event "15. Obert Int. Sant Martí 2013 - B"]
[Site "Barcelona ESP"]
[Date "2013.07.14"]
[Round "2.21"]
[White "Pascual Gonzalez-Novelles, Carles"]
[Black "Garcia Punzano, Josep Lluis"]
[Result "0-1"]
[WhiteElo "1873"]
[BlackElo "1744"]
[PlyCount "74"]
[EventDate "2013.07.13"]
[EventType "swiss"]
[EventRounds "9"]
[EventCountry "ESP"]
[SourceTitle "Ajedrez en Madrid"]
[Source "lmi"]
[SourceDate "2013.07.13"]
[SourceVersion "1"]
[SourceVersionDate "2019.06.21"]
[SourceQuality "1"]

1. e4 c5 2. Nc3 d6 3. g3 Nf6 4. Bg2 e6 5. f4 Nc6 6. d3 Be7 7. Nf3 Qb6 8. h3 Nh5
9. Ne2 Bd7 10. Bd2 Nd4 11. Nfxd4 cxd4 12. O-O O-O 13. Kh2 Nf6 14. g4 Bc6 15. b4
e5 16. g5 Nd7 17. f5 f6 18. g6 Rfc8 19. gxh7+ Kxh7 20. Nf4 exf4 21. Qh5+ Kg8
22. Rxf4 Bf8 23. Rh4 Ne5 24. Bf4 Be8 25. Qh7+ Kf7 26. Bxe5 dxe5 27. Rg4 Rxc2
28. h4 Qxb4 29. h5 Qd2 30. Rg6 Ke7 31. Rxg7+ Bxg7 32. Qxg7+ Bf7 33. Rb1 b6 34.
Rb5 Rg8 35. Rxe5+ fxe5 36. Qxe5+ Kd7 37. Qxd4+ Kc8 0-1

[Event "15. Obert Int. Sant Martí 2013 - B"]
[Site "Barcelona ESP"]
[Date "2013.07.14"]
[Round "2.22"]
[White "Tadevosyan, Galust"]
[Black "Espinosa Cebrian, Carlos"]
[Result "0-1"]
[WhiteElo "1732"]
[BlackElo "1861"]
[PlyCount "106"]
[EventDate "2013.07.13"]
[EventType "swiss"]
[EventRounds "9"]
[EventCountry "ESP"]
[SourceTitle "Ajedrez en Madrid"]
[Source "lmi"]
[SourceDate "2013.07.13"]
[SourceVersion "1"]
[SourceVersionDate "2019.06.21"]
[SourceQuality "1"]

1. e4 Nc6 2. Nc3 Nf6 3. d4 d5 4. e5 Ne4 5. Nxe4 dxe4 6. Bb5 a6 7. Bxc6+ bxc6 8.
c4 g6 9. Be3 Bg7 10. Ne2 c5 11. Qc2 Bb7 12. Rd1 cxd4 13. Bxd4 Qc8 14. e6 O-O
15. exf7+ Rxf7 16. Bxg7 Kxg7 17. O-O c5 18. Nc3 Qg4 19. Nd5 Raf8 20. Ne3 Qg5
21. Qb3 e5 22. Qb6 Rc8 23. a3 Rc6 24. Qd8 Qxd8 25. Rxd8 Rb6 26. Rd2 Rb3 27.
Rfd1 Rb6 28. Ng4 Re7 29. Rd7 Kf8 30. Rxe7 Kxe7 31. Rd2 Ke6 32. Kf1 Rb3 33. Ke2
Rd3 34. Ne3 Rd4 35. Rc2 a5 36. Rc3 Ba6 37. b3 Bb7 38. g3 g5 39. Nc2 Rd8 40. b4
axb4 41. axb4 cxb4 42. Nxb4 Ra8 43. g4 Ra4 44. Rb3 Kd6 45. Kd2 Kc5 46. Kc3 Ba8
47. Rb2 Ra3+ 48. Rb3 Rxb3+ 49. Kxb3 Kd4 50. Na2 e3 51. fxe3+ Kxe3 52. Kb4 Kf3
53. Kc5 e4 0-1

[Event "15. Obert Int. Sant Martí 2013 - B"]
[Site "Barcelona ESP"]
[Date "2013.07.14"]
[Round "2.23"]
[White "Ayza Casamitjana, Antoni"]
[Black "Muratet Casadevall, Jordi"]
[Result "1-0"]
[WhiteElo "1860"]
[BlackElo "1734"]
[PlyCount "63"]
[EventDate "2013.07.13"]
[EventType "swiss"]
[EventRounds "9"]
[EventCountry "ESP"]
[SourceTitle "Ajedrez en Madrid"]
[Source "lmi"]
[SourceDate "2013.07.13"]
[SourceVersion "1"]
[SourceVersionDate "2019.06.21"]
[SourceQuality "1"]

1. c4 e5 2. Nc3 Nc6 3. e3 Nf6 4. a3 d6 5. d4 exd4 6. exd4 Qe7+ 7. Be2 g6 8. Nf3
Bg7 9. O-O O-O 10. h3 h6 11. Be3 b6 12. Re1 Re8 13. Bd3 Qf8 14. Rc1 Bb7 15. b4
a6 16. Qb3 Na7 17. Nd2 Kh7 18. Ne2 Nh5 19. d5 f5 20. Nf3 Qf7 21. Ned4 f4 22.
Bd2 c5 23. Ne6 Rxe6 24. Rxe6 Nf6 25. Nh4 Qc7 26. Rce1 Kg8 27. Bxg6 Rf8 28. Bxf4
Nc8 29. Nf5 Nh5 30. Bxh6 Bxh6 31. Nxh6+ Kg7 32. Bxh5 1-0

[Event "15. Obert Int. Sant Martí 2013 - B"]
[Site "Barcelona ESP"]
[Date "2013.07.14"]
[Round "2.24"]
[White "Romero Gamez, Francisco Javier"]
[Black "Gisbert Mir, Alejandro"]
[Result "1/2-1/2"]
[WhiteElo "1683"]
[BlackElo "1852"]
[PlyCount "59"]
[EventDate "2013.07.13"]
[EventType "swiss"]
[EventRounds "9"]
[EventCountry "ESP"]
[SourceTitle "Ajedrez en Madrid"]
[Source "lmi"]
[SourceDate "2013.07.13"]
[SourceVersion "1"]
[SourceVersionDate "2019.06.21"]
[SourceQuality "1"]

1. e4 c5 2. Nf3 d6 3. d4 cxd4 4. Nxd4 Nf6 5. Nc3 a6 6. Bg5 e6 7. f4 Qc7 8. Qf3
b5 9. O-O-O Bb7 10. Bxf6 gxf6 11. Qh5 Qc5 12. Qxc5 dxc5 13. Nb3 Bh6 14. Nxc5
Bxf4+ 15. Kb1 Bc6 16. Nd3 Bc7 17. Be2 Ba5 18. Bf3 Bxc3 19. bxc3 Nd7 20. Nb4 Bb7
21. Rhe1 a5 22. Nd3 Rc8 23. Kb2 Ke7 24. Nf2 Nc5 25. Re3 Rhd8 26. Rxd8 Rxd8 27.
Nd3 Na4+ 28. Kb3 Rc8 29. Nf2 Nc5+ 30. Kb2 1/2-1/2

[Event "15. Obert Int. Sant Martí 2013 - B"]
[Site "Barcelona ESP"]
[Date "2013.07.14"]
[Round "2.25"]
[White "Minos Constante, Pablo"]
[Black "Martin Sanchez, Antoni"]
[Result "1/2-1/2"]
[WhiteElo "1850"]
[BlackElo "1730"]
[PlyCount "119"]
[EventDate "2013.07.13"]
[EventType "swiss"]
[EventRounds "9"]
[EventCountry "ESP"]
[SourceTitle "Ajedrez en Madrid"]
[Source "lmi"]
[SourceDate "2013.07.13"]
[SourceVersion "1"]
[SourceVersionDate "2019.06.21"]
[SourceQuality "1"]

1. e4 e6 2. d4 d5 3. e5 c5 4. c3 Nc6 5. Nf3 Qb6 6. a3 Bd7 7. b4 cxb4 8. cxb4
Nge7 9. Nc3 g6 10. Be2 Rc8 11. Bb2 Nb8 12. O-O Bh6 13. Na4 Bxa4 14. Qxa4+ Nbc6
15. Bc1 Bg7 16. Be3 O-O 17. Rac1 Nf5 18. Rc5 Nxe3 19. fxe3 a6 20. Rfc1 Ne7 21.
Rxc8 Nxc8 22. Qd7 Qd8 23. Qxb7 Bh6 24. Kf2 Ne7 25. g4 f6 26. Rc7 fxe5 27. Rxe7
e4 28. Rxh7 Qh4+ 29. Kf1 exf3 30. Bd3 f2 31. Qg7+ Bxg7 32. Rxh4 e5 33. dxe5
Bxe5 34. Bxg6 Bc3 35. Bf5 Be1 36. Rh6 Re8 37. Re6 Rd8 38. Rxa6 d4 39. exd4 Rxd4
40. b5 Rd2 41. b6 Rb2 42. Bc8 Bc3 43. g5 Bd4 44. Bh3 Bxb6 45. Bg2 Kg7 46. a4
Be3 47. Re6 Rb1+ 48. Ke2 Re1+ 49. Kd3 Bxg5 50. Rc6 f1=Q+ 51. Bxf1 Rxf1 52. Rc2
Ra1 53. Rc4 Ra3+ 54. Ke4 Bf6 55. Kd5 Kg6 56. Kc6 Be5 57. Kb5 Bxh2 58. a5 Kf6
59. a6 Bg1 60. Ra4 1/2-1/2

[Event "15. Obert Int. Sant Martí 2013 - B"]
[Site "Barcelona ESP"]
[Date "2013.07.14"]
[Round "2.26"]
[White "Cano Sevila, Ivan"]
[Black "De La Fuente Clemente, Constantino"]
[Result "1-0"]
[WhiteElo "1672"]
[BlackElo "1850"]
[PlyCount "115"]
[EventDate "2013.07.13"]
[EventType "swiss"]
[EventRounds "9"]
[EventCountry "ESP"]
[SourceTitle "Ajedrez en Madrid"]
[Source "lmi"]
[SourceDate "2013.07.13"]
[SourceVersion "1"]
[SourceVersionDate "2019.06.21"]
[SourceQuality "1"]

1. d4 Nf6 2. Bf4 g6 3. Nf3 Bg7 4. h3 d5 5. e3 O-O 6. Be2 c5 7. c3 Nc6 8. Nbd2
Bf5 9. dxc5 Nd7 10. Nb3 e5 11. Bg3 Be4 12. O-O Qe7 13. Nfd2 Nxc5 14. Nxc5 Qxc5
15. Nxe4 dxe4 16. Qb3 Bh6 17. Qc4 Qb6 18. b3 Rad8 19. Rfd1 Rxd1+ 20. Rxd1 Rd8
21. Rxd8+ Qxd8 22. Qxe4 Qd2 23. Bc4 Qd6 24. Qd5 Qe7 25. Bb5 Nd8 26. Qxe5 Ne6
27. Qb8+ Bf8 28. Qxa7 Nc5 29. Qb8 Ne4 30. Qe5 Nxg3 31. Qxe7 Bxe7 32. fxg3 Bf6
33. c4 Kf8 34. Kf2 Ke7 35. Kf3 Bc3 36. Ke4 Kd6 37. Kf4 f6 38. g4 Kc5 39. g5
Be5+ 40. Ke4 Kb4 41. gxf6 Bxf6 42. Kd5 Ka3 43. e4 Kxa2 44. Ba4 Kb2 45. Kd6 Kc3
46. e5 Bh4 47. e6 Kd4 48. e7 Bxe7+ 49. Kxe7 Ke3 50. Kf7 g5 51. Kg7 h5 52. Kg6
g4 53. hxg4 hxg4 54. Kg5 g3 55. Kg4 Kf2 56. Kh3 b6 57. b4 Ke3 58. c5 1-0

[Event "15. Obert Int. Sant Martí 2013 - B"]
[Site "Barcelona ESP"]
[Date "2013.07.14"]
[Round "2.27"]
[White "Carballo Cancela, Manuel"]
[Black "Abascal Vicente, Ignacio"]
[Result "1-0"]
[WhiteElo "1850"]
[BlackElo "1715"]
[PlyCount "57"]
[EventDate "2013.07.13"]
[EventType "swiss"]
[EventRounds "9"]
[EventCountry "ESP"]
[SourceTitle "Ajedrez en Madrid"]
[Source "lmi"]
[SourceDate "2013.07.13"]
[SourceVersion "1"]
[SourceVersionDate "2019.06.21"]
[SourceQuality "1"]

1. e4 e5 2. Nf3 Nc6 3. Bc4 Be7 4. d4 d6 5. dxe5 dxe5 6. Bd5 Bd7 7. Nc3 Bf6 8.
O-O Nge7 9. Be3 O-O 10. Bc5 Re8 11. Re1 Nxd5 12. exd5 Nb8 13. Ne4 Bg4 14. h3
Bxf3 15. Qxf3 Nd7 16. Be3 Be7 17. Rad1 Nf6 18. Bg5 Nxe4 19. Bxe7 Qxe7 20. Qxe4
Qf6 21. Re3 Rad8 22. Rdd3 Qg6 23. Qc4 Qd6 24. Qg4 Qg6 25. Qe2 e4 26. Rd4 f5 27.
Qc4 Qd6 28. g3 c6 29. dxc6+ 1-0

[Event "15. Obert Int. Sant Martí 2013 - B"]
[Site "Barcelona ESP"]
[Date "2013.07.14"]
[Round "2.28"]
[White "Alvarez Albiol, Victor"]
[Black "Serra Vilaro, Agustin"]
[Result "0-1"]
[WhiteElo "1546"]
[BlackElo "1849"]
[PlyCount "79"]
[EventDate "2013.07.13"]
[EventType "swiss"]
[EventRounds "9"]
[EventCountry "ESP"]
[SourceTitle "Ajedrez en Madrid"]
[Source "lmi"]
[SourceDate "2013.07.13"]
[SourceVersion "1"]
[SourceVersionDate "2019.06.21"]
[SourceQuality "1"]

1. e4 e6 2. d4 d5 3. Nd2 Nf6 4. e5 Nfd7 5. f4 c5 6. c3 Nc6 7. Ndf3 cxd4 8. cxd4
Bb4+ 9. Kf2 Be7 10. g3 Qb6 11. Kg2 h5 12. h4 g6 13. Nh3 Nf8 14. b3 Bd7 15. Be3
Rc8 16. a3 Na5 17. b4 Nc4 18. Bxc4 dxc4 19. Rc1 Qa6 20. Rc3 b5 21. Qc2 Qb7 22.
Rf1 Bc6 23. Qb2 Nd7 24. Qe2 Nb6 25. Nhg5 Bxg5 26. fxg5 Be4 27. Rd1 O-O 28. Qf2
Rc7 29. Rcc1 Nd5 30. Re1 Nb6 31. Red1 Rfc8 32. Re1 Na4 33. Rf1 c3 34. Rfe1 Nb2
35. Qe2 Nd3 36. Rf1 Nxc1 37. Rxc1 c2 38. Qf2 Rc3 39. Qe2 Rxa3 40. Bd2 0-1

[Event "15. Obert Int. Sant Martí 2013 - B"]
[Site "Barcelona ESP"]
[Date "2013.07.14"]
[Round "2.29"]
[White "Poyato Ruiz, Fernando"]
[Black "Rodriguez Batuecas, Jordi"]
[Result "1-0"]
[WhiteElo "1849"]
[BlackElo "1630"]
[PlyCount "119"]
[EventDate "2013.07.13"]
[EventType "swiss"]
[EventRounds "9"]
[EventCountry "ESP"]
[SourceTitle "Ajedrez en Madrid"]
[Source "lmi"]
[SourceDate "2013.07.13"]
[SourceVersion "1"]
[SourceVersionDate "2019.06.21"]
[SourceQuality "1"]

1. d4 Nf6 2. c4 g6 3. Nc3 Bg7 4. e4 d6 5. f4 O-O 6. Nf3 Nbd7 7. Bd3 Re8 8. O-O
e5 9. fxe5 dxe5 10. d5 Nc5 11. Bc2 Bg4 12. Bg5 Qd6 13. b4 Ncd7 14. a3 a5 15.
Na2 axb4 16. axb4 Ra3 17. Bc1 Bxf3 18. Rxf3 Rxf3 19. Qxf3 Ra8 20. Bb2 c5 21. b5
Nb6 22. Qf1 Ng4 23. Qe2 Nf6 24. Nc3 Rxa1+ 25. Bxa1 Qd7 26. Bd1 Ne8 27. Qa2 Nd6
28. Be2 Bh6 29. Bd3 Be3+ 30. Kh1 Qd8 31. Ne2 Qh4 32. Ng3 Bf4 33. Nf1 Qe1 34. g3
Nxe4 35. Kg2 Nc3 36. Qa5 Nba4 37. Bxc3 Nxc3 38. gxf4 exf4 39. Qd8+ Kg7 40. d6
Ne4 41. Bxe4 Qxe4+ 42. Kf2 Qxc4 43. Qe7 Qc2+ 44. Ke1 Qc1+ 45. Kf2 Qc2+ 46. Kg1
f3 47. Qe5+ Kg8 48. Qg3 Qg2+ 49. Qxg2 fxg2 50. Kxg2 Kf8 51. Nd2 Ke8 52. b6 Kd7
53. Nc4 f5 54. h4 Kc6 55. Kf3 h6 56. Kf4 Kd7 57. Ke5 Kd8 58. Ke6 f4 59. d7 f3
60. Na5 1-0

[Event "15. Obert Int. Sant Martí 2013 - B"]
[Site "Barcelona ESP"]
[Date "2013.07.14"]
[Round "2.30"]
[White "Rodriguez Monago, Juan Antonio"]
[Black "Berstad, Joerund"]
[Result "0-1"]
[WhiteElo "1445"]
[BlackElo "1849"]
[PlyCount "61"]
[EventDate "2013.07.13"]
[EventType "swiss"]
[EventRounds "9"]
[EventCountry "ESP"]
[SourceTitle "Ajedrez en Madrid"]
[Source "lmi"]
[SourceDate "2013.07.13"]
[SourceVersion "1"]
[SourceVersionDate "2019.06.21"]
[SourceQuality "1"]

1. d4 Nf6 2. c4 g6 3. Nc3 Bg7 4. g3 O-O 5. Bg2 c6 6. Nf3 d6 7. O-O Nbd7 8. Bg5
h6 9. Be3 e5 10. dxe5 dxe5 11. h3 Qe7 12. Nd2 Rd8 13. Qc2 Nf8 14. Rad1 Bf5 15.
Qc1 g5 16. Nde4 Ne6 17. a3 Nd4 18. Rfe1 Rd7 19. Nxf6+ Bxf6 20. Bxd4 exd4 21.
Nb1 Rad8 22. Nd2 c5 23. Nf3 Kg7 24. Nd2 Qd6 25. Ne4 Qb6 26. Nxf6 Kxf6 27. Rd2
Qb3 28. Bf1 Re8 29. Red1 Rde7 30. Kh2 a6 31. Kg1 0-1

[Event "15. Obert Int. Sant Martí 2013 - B"]
[Site "Barcelona ESP"]
[Date "2013.07.14"]
[Round "2.31"]
[White "Lozano Diaz, Antoni"]
[Black "Palomero Galvez, Antonio"]
[Result "1/2-1/2"]
[WhiteElo "1846"]
[BlackElo "1625"]
[PlyCount "52"]
[EventDate "2013.07.13"]
[EventType "swiss"]
[EventRounds "9"]
[EventCountry "ESP"]
[SourceTitle "Ajedrez en Madrid"]
[Source "lmi"]
[SourceDate "2013.07.13"]
[SourceVersion "1"]
[SourceVersionDate "2019.06.21"]
[SourceQuality "1"]

1. e4 c5 2. c3 Nc6 3. d4 cxd4 4. cxd4 e6 5. Nf3 a6 6. a3 Nge7 7. Bd3 Ng6 8. O-O
Be7 9. Nc3 d6 10. Be3 O-O 11. Rc1 Bd7 12. Nd2 b5 13. b4 Rb8 14. f4 f5 15. exf5
exf5 16. d5 Nxb4 17. axb4 Bf6 18. Ne2 Qe7 19. Bd4 Bxd4+ 20. Kh1 Bb6 21. Nb3 Nh4
22. g3 Ng6 23. Ned4 Rbc8 24. Rxc8 Bxc8 25. Re1 Qf6 26. Bf1 Bd7 1/2-1/2

[Event "15. Obert Int. Sant Martí 2013 - B"]
[Site "Barcelona ESP"]
[Date "2013.07.14"]
[Round "2.32"]
[White "Vigier Lopez, Carlos"]
[Black "Boixader Arbo, Xavier"]
[Result "1-0"]
[WhiteElo "1830"]
[BlackElo "1546"]
[PlyCount "67"]
[EventDate "2013.07.13"]
[EventType "swiss"]
[EventRounds "9"]
[EventCountry "ESP"]
[SourceTitle "Ajedrez en Madrid"]
[Source "lmi"]
[SourceDate "2013.07.13"]
[SourceVersion "1"]
[SourceVersionDate "2019.06.21"]
[SourceQuality "1"]

1. e4 c5 2. d3 d6 3. Nf3 Nc6 4. g3 Bg4 5. Bg2 Qd7 6. h3 Bxf3 7. Bxf3 Ne5 8. Bg2
Nf6 9. O-O e6 10. Nd2 Be7 11. Nf3 Nxf3+ 12. Qxf3 O-O 13. c3 e5 14. Rd1 Rfd8 15.
Bg5 h6 16. Be3 b6 17. d4 Qe6 18. a4 Rab8 19. d5 Qd7 20. Bf1 Ne8 21. Qg2 Nc7 22.
Kh2 Kh7 23. Bd3 Rf8 24. f4 f6 25. f5 a5 26. Qe2 Qe8 27. Rdb1 Qd7 28. Qg4 Qe8
29. b4 Qf7 30. Bd2 axb4 31. cxb4 g5 32. fxg6+ Qxg6 33. Qd7 Rg8 34. Rg1 1-0

[Event "15. Obert Int. Sant Martí 2013 - B"]
[Site "Barcelona ESP"]
[Date "2013.07.14"]
[Round "2.33"]
[White "Torrents Senal, Marc"]
[Black "Riu Lopez, Sergi"]
[Result "1-0"]
[WhiteElo "1829"]
[BlackElo "1503"]
[PlyCount "73"]
[EventDate "2013.07.13"]
[EventType "swiss"]
[EventRounds "9"]
[EventCountry "ESP"]
[SourceTitle "Ajedrez en Madrid"]
[Source "lmi"]
[SourceDate "2013.07.13"]
[SourceVersion "1"]
[SourceVersionDate "2019.06.21"]
[SourceQuality "1"]

1. d4 d5 2. c4 e6 3. Nc3 Nf6 4. Nf3 c5 5. cxd5 exd5 6. Bf4 Nc6 7. e3 Be7 8. Bd3
O-O 9. Rc1 cxd4 10. Nxd4 Nxd4 11. exd4 Bb4 12. O-O Re8 13. Nb5 Ba5 14. Bc7 Bxc7
15. Nxc7 Be6 16. Nxa8 Qxa8 17. Rc3 Qd8 18. h3 Qe7 19. Qc2 Bd7 20. a3 Bc6 21. b4
a6 22. Bxa6 bxa6 23. Rxc6 Qb7 24. Rc7 Qb6 25. Qc5 Qe6 26. Rc6 Qe2 27. Rc8 h6
28. Rxe8+ Qxe8 29. Rc1 Qe6 30. Qc8+ Qxc8 31. Rxc8+ Kh7 32. Rc6 Ne8 33. Rxa6 Nc7
34. Rd6 Nb5 35. Rxd5 Nxa3 36. Rc5 Kg6 37. b5 1-0

[Event "15. Obert Int. Sant Martí 2013 - B"]
[Site "Barcelona ESP"]
[Date "2013.07.14"]
[Round "2.34"]
[White "Corominas Garrido, Antonio"]
[Black "Lopez Pujol, Hector"]
[Result "1-0"]
[WhiteElo "1807"]
[BlackElo "1885"]
[PlyCount "43"]
[EventDate "2013.07.13"]
[EventType "swiss"]
[EventRounds "9"]
[EventCountry "ESP"]
[SourceTitle "Ajedrez en Madrid"]
[Source "lmi"]
[SourceDate "2013.07.13"]
[SourceVersion "1"]
[SourceVersionDate "2019.06.21"]
[SourceQuality "1"]

1. c4 Nf6 2. Nc3 d5 3. cxd5 Nxd5 4. g3 Nc6 5. Bg2 Be6 6. Nf3 Nb6 7. O-O Qd7 8.
Re1 Bh3 9. Bh1 h6 10. d4 O-O-O 11. e3 g5 12. a3 Bg7 13. b4 e5 14. dxe5 Nxe5 15.
Nd4 Nec4 16. Nce2 Qe7 17. Qc2 Qf6 18. Rb1 Ne5 19. Bb2 Rhe8 20. Bg2 Ng4 21. Nf3
Bxg2 22. Bxf6 1-0

[Event "15. Obert Int. Sant Martí 2013 - B"]
[Site "Barcelona ESP"]
[Date "2013.07.14"]
[Round "2.39"]
[White "Saiz Rodrigo, Josep Fernando"]
[Black "Riu Lopez, Daniel"]
[Result "1-0"]
[WhiteElo "1950"]
[BlackElo "1691"]
[PlyCount "125"]
[EventDate "2013.07.13"]
[EventType "swiss"]
[EventRounds "9"]
[EventCountry "ESP"]
[SourceTitle "Ajedrez en Madrid"]
[Source "lmi"]
[SourceDate "2013.07.13"]
[SourceVersion "1"]
[SourceVersionDate "2019.06.21"]
[SourceQuality "1"]

1. e4 e5 2. Nc3 Nc6 3. g3 Bc5 4. Bg2 Nf6 5. Nge2 a6 6. d3 d6 7. h3 Be6 8. O-O
O-O 9. Nd5 h6 10. Kh2 Nh7 11. f4 Rc8 12. f5 Bxd5 13. exd5 Ne7 14. f6 Nxf6 15.
Rxf6 gxf6 16. Bxh6 Re8 17. d4 Nf5 18. Qd2 exd4 19. Bf4 Qe7 20. Bf3 Qf8 21. Bg4
Qe7 22. Re1 Qe4 23. b4 Bb6 24. Qd3 Nxg3 25. Bxg3 Qxd3 26. cxd3 Rcd8 27. Rf1 Re3
28. Nf4 c6 29. dxc6 bxc6 30. Bf5 d5 31. Nh5 Re2+ 32. Rf2 Rxf2+ 33. Bxf2 a5 34.
a3 axb4 35. axb4 Bc7+ 36. Kg2 Be5 37. Bh4 Rd6 38. Kf3 Kf8 39. Be1 Ke7 40. Nf4
Rd8 41. h4 Rh8 42. Ne2 Kd6 43. Bf2 c5 44. bxc5+ Kxc5 45. Kg4 Rg8+ 46. Kh3 Rh8
47. Bg4 Rh6 48. Ng3 Bxg3 49. Kxg3 Kd6 50. Kf4 Ke7 51. h5 f5 52. Bf3 Ke6 53.
Bxd4 f6 54. Kg3 Rh8 55. Be3 Rg8+ 56. Kh4 Rd8 57. h6 d4 58. Bf4 Rh8 59. Kh5 Kf7
60. Bd5+ Kf8 61. Kg6 Rg8+ 62. Bxg8 Kxg8 63. Kxf6 1-0

[Event "15. Obert Int. Sant Martí 2013 - B"]
[Site "Barcelona ESP"]
[Date "2013.07.14"]
[Round "2.40"]
[White "Aprea, Daniele"]
[Black "Fernandez Benito, Fco. Javier"]
[Result "1-0"]
[WhiteElo "1945"]
[BlackElo "1702"]
[PlyCount "29"]
[EventDate "2013.07.13"]
[EventType "swiss"]
[EventRounds "9"]
[EventCountry "ESP"]
[SourceTitle "Ajedrez en Madrid"]
[Source "lmi"]
[SourceDate "2013.07.13"]
[SourceVersion "1"]
[SourceVersionDate "2019.06.21"]
[SourceQuality "1"]

1. d4 d5 2. c4 Nf6 3. cxd5 Qxd5 4. Nc3 Qd8 5. e4 e6 6. Nf3 c5 7. d5 a6 8. Bg5
h6 9. Bh4 g5 10. Bg3 Bg7 11. a4 O-O 12. Bd3 exd5 13. exd5 Nxd5 14. Nxd5 Qxd5
15. Bh7+ 1-0

[Event "15. Obert Int. Sant Martí 2013 - B"]
[Site "Barcelona ESP"]
[Date "2013.07.14"]
[Round "2.41"]
[White "Cantero Mitjans, Carles"]
[Black "Cartro Turu, Gabriel"]
[Result "1/2-1/2"]
[WhiteElo "1639"]
[BlackElo "1944"]
[PlyCount "138"]
[EventDate "2013.07.13"]
[EventType "swiss"]
[EventRounds "9"]
[EventCountry "ESP"]
[SourceTitle "Ajedrez en Madrid"]
[Source "lmi"]
[SourceDate "2013.07.13"]
[SourceVersion "1"]
[SourceVersionDate "2019.06.21"]
[SourceQuality "1"]

1. e4 d5 2. exd5 Qxd5 3. Nc3 Qa5 4. Bc4 Nc6 5. Nf3 Bg4 6. O-O O-O-O 7. Be2 e6
8. d3 Bd6 9. Ne4 Bxf3 10. Nxd6+ Rxd6 11. Bxf3 Nd4 12. Be3 Nf6 13. Bxd4 Rxd4 14.
c3 Rd6 15. Qc2 Qf5 16. Qb3 Rb6 17. Qc2 Rd8 18. Rfd1 Rbd6 19. Qb3 Rb6 20. Qa3
Qb5 21. Rab1 a6 22. Qe7 Qd7 23. Qxd7+ Rxd7 24. d4 Rbd6 25. Kf1 Nd5 26. g3 g5
27. Rd2 f5 28. Re1 Nf6 29. Rde2 Re7 30. b3 c6 31. c4 Kd7 32. d5 cxd5 33. cxd5
Nxd5 34. Rd2 Ne3+ 35. Ke2 Rxd2+ 36. Kxd2 Nd5 37. Bxd5 exd5 38. Rxe7+ Kxe7 39.
Kd3 Kd6 40. Kd4 h5 41. f4 g4 42. b4 b6 43. a3 Ke6 44. Ke3 Kd6 45. Kd4 a5 46.
Kc3 Kc6 47. Kd4 axb4 48. axb4 Kb5 49. Kxd5 Kxb4 50. Ke5 Kc4 51. Kxf5 b5 52. Kg5
b4 53. f5 b3 54. f6 b2 55. f7 b1=Q 56. f8=Q Qb5+ 57. Qf5 Qe8 58. Qg6 Qe5+ 59.
Kh4 Qb2 60. Qf7+ Kd3 61. Kxh5 Qxh2+ 62. Kxg4 Qh8 63. Qf3+ Kd4 64. Qf2+ Kd5 65.
Qf5+ Kd6 66. Qf4+ Kd7 67. Kf3 Qa8+ 68. Qe4 Qf8+ 69. Qf4 Qa8+ 1/2-1/2